000 00555nam a2200181Ia 4500
999 _c22670
_d22670
003 OSt
005 20200515090744.0
008 190216s9999||||xx |||||||||||||| ||und||
020 _a9788174350404
040 _coclc
082 _a297.215
_bAZI/W
100 _aAzimabadi, Badr
_92172
245 4 _aThe World Of Angels /
_cBadr Azimabadi
260 _bAdam Publishers&Distributors,
_aNew Delhi:
_c2004.
300 _a189p
650 0 _aHistory & geography
_vIslamic History
_92271
942 _cBK
_2ddc
_h297.215
_iAZI/W
_k297.215
_mAZI/W